00388nam a2200157Ia 4500008004100000082001000041100001700051245002500068260001600093300000700109365000600116520002900122630002500151650002900176730002500205100917s9999 xx 000 0 und d b47264 aPamela Sykes aThe Long , Long Day  bH. H.c1972 a87 b0 aबालविभाग aThe Long , Long Day  aबालविभाग aThe Long , Long Day